000 01100nam a2200193 a 4500
001 58324
005 20180714054908.0
008 140415s1985 mx 000 0 spa d
020 _a9682313074
041 _aspa
082 _a305.5620972
_bOBR
245 0 0 _aORGANIZACION Y SINDICALISMO
250 _a1a ed.
260 _aMEXICO :
_bSIGLO XXI EDITORES,
_c1985
300 _a386
_c10.5 x 1 x 18
520 _aLA COLECCION EL OBRERO MEXICANO CONSTITUYE UNO DE LOS ESFUERZOS MAS NOTABLES DE LOS INVESTIGADORES DE ASUNTOS LABORALES PARA SISTEMATIZAR , PROFUNDIZAR Y ACLARAR UNA INFORMACION A MENUDO DISPERSA Y QUE CON FRECUENCIA SOLO SE ENCUENTRA EN OBRAS ALTAMENTE ESPECIALIZADAS . EN ESTE SENTIDO , LA OBRA NO SOLO SERA DE INTERES PARA QUIENES DIRECTAMENTE SE PREOCUPAN DE LOS PROBLEMAS OBREROS EN MEXICO, SINO PARA TODOS LOS ESTUDIOSOS DE LOS PROBLEMAS NACIONALES.
650 1 4 _aSINDICALISMO
_xMEXICO
_xSOCIOLOGIA LABORAL
_xMOVIMIENTOS OBREROS INDEPENDIENTE REVOLUCIONARIO
700 1 _aLEAL, JUAN FELIPE -REYNA MUÑOZ, MANUEL -AGUILAR GARCIA, JAVIER -GIMENEZ CACHO LUIS E.
_ecoaut.
999 _c58324
_d58324